El saxofón en la música docta de América Latina: el rol de los saxofonistas y las instituciones de enseñanza en la creación musical para el instrumento
Salvato in:
| Autore principale: | |
|---|---|
| Natura: | Libro |
| Lingua: | spagnolo |
| Pubblicazione: |
Santiago
Universidad de Chile
2007
|
| Edizione: | 1a. ed |
| Soggetti: | |
| Tags: |
Aggiungi Tag
Nessun Tag, puoi essere il primo ad aggiungerne!!
|
MARC
| LEADER | 00000nam a2200000 a 4500 | ||
|---|---|---|---|
| 001 | UCI5513 | ||
| 003 | CL-VaPUC | ||
| 008 | 080328e20070000CL |||||||||||||||||spa|d | ||
| 020 | |a 9789563109429 | ||
| 082 | 0 | 4 | |a 788.7 |b VIL |2 21 |
| 100 | 0 | |a Villafruela, Miguel |e author |9 527939 | |
| 245 | 1 | 3 | |a El saxofón en la música docta de América Latina: el rol de los saxofonistas y las instituciones de enseñanza en la creación musical para el instrumento |
| 250 | |a 1a. ed | ||
| 300 | |a 211 p | ||
| 942 | |c BK | ||
| 945 | |d 20080328 00:00:00 |a jtorresc | ||
| 260 | |a Santiago |b Universidad de Chile |c 2007 | ||
| 650 | 0 | |a Saxofón |9 331778 | |
| 650 | 0 | |a Música para saxofón |9 373765 | |
| 651 | 0 | |a América Latina |9 255027 | |
| 583 | |a last modification |c 20080328 00:00:00 |k Rodrigo Vera | ||
| 999 | |c 329251 |d 329249 | ||
| 952 | |0 0 |1 0 |4 0 |6 788_700000000000000_VIL_2007 |7 0 |8 R |9 413622 |a BIBEDU |b BIBEDU |d 2019-11-22 |i 4420403 |o 788.7 VIL 2007 |p 4420403 |r 2023-01-12 |w 2019-11-22 |y BK_R |k MUS | ||
| 952 | |0 0 |1 0 |4 0 |6 788_700000000000000_VIL_2007 |7 0 |8 A |9 413623 |a BIBEDU |b BIBEDU |d 2019-11-22 |i 4475550 |o 788.7 VIL 2007 |p 4475550 |r 2023-01-12 |w 2019-11-22 |y BK |k MUS | ||